Letters of the Indian Alphabet - Statistics

General Stats
  • This quiz has been taken 9 times
  • The average score is 5 of 10
Answer Stats
Letter % Correct
a
100%
a
100%
i
100%
o
83%
aa
17%
ai
17%
au
17%
ee
17%
oo
17%
ooo
0%
No matching quizzes found
Score Distribution
Percent of People with Each Score
Percentile by Number Answered
Your Score History
You have not taken this quiz